000 00284nam a22001217a 4500
008 170401b xxu||||| |||| 00| 0 eng d
041 _aeng
080 _24TH
_a617
100 _a8
101 _aSHM
245 _aCAMPBELL'S OPERATIVE ORTHOPAEDICS
_cCRENSHAW, A.H
942 _2udc
_cBK
999 _c9380
_d9380